01031nab a2200253 uc450000100070000000500170000700800410002403500110006503500210007604000130009704100080011010000380011824501400015665000250029665000750032165000510039665000470044765000310049465000380052565000300056365000430059370000360063677301050067279275520240201185211.0030121e19991231 spa  a792755 a(OCoLC)820005589 ccomduadb aspa10aGuillen Sadaba, Encarna4auteaut10aDe Mary Richmond a la aldea global : reflexiones sobre el papel del trabajo social ante la revolucion de las tecnologias de informacion 7aTrabajo social2lemb aInnovaciones tecnológicas de la información y de la comunicación aInnovaciones tecnológicas y transformación 7aTrabajoxInnovaciones tecnológicas2lemb aRevolución tecnológica aTecnología en ciencias sociales aGlobalización y trabajo 7aTecnologíaxAspectos sociales2embne10aRamos Feijoo, Clarisa4auteaut0 tCuadernos de Trabajo Social (España)gVol. 12, Ene.-Dic. 1999, p. 63-76w767074x0214-03140248373